ბათუმის შოთა რუსთაველის სახელმწიფო უნივერსიტეტის ბიბლიოთეკა

ინოვაციების მენეჯმენტი / (ბიბ.ჩანაწერი № 34806)

000 -ლიდერი
ფიქსირებული სიგრძის საკონტროლო ველი 01550nam a2200277Ia 4500
001 - საკონტროლო ნომერი
საკონტროლო ველი 616
003 - საკონტროლო ნომრის იდენტიფიკატორი
საკონტროლო ველი GE_BSU
005 - ბოლო ოპერაციის თარიღი და დრო
საკონტროლო ველი 20211208143152.0
008 - ფიქსირებული სიგრძის მონაცემთა ელემენტები - ზოგადი ინფორმაცია
ფიქსირებული სიგრძის საკონტროლო ველი 181216s||||||||xx |||||||||||||| ||und||
020 ## - წიგნის საერთაშორისო სტანდარტული ნომერი
International Standard Book Number 9789941008382
040 ## - კატალოგიზაციის წყარო
Transcribing agency GE_BSU
080 ## - უნივერსალური ათობითი კლასიფიკაციის ინდექსი
Universal Decimal Classification number 005.591.6 ი–61
245 ## - ცნობა სათაურის შესახებ
Title ინოვაციების მენეჯმენტი /
Statement of responsibility, etc ევგენი ბარათაშვილი, ვახტანგ დათაშვილი, გურამ ნაკაიძე, რუსუდან ქუთათელაძე ; რედაქტორი : რევაზ გველესიანი, გია მალაშხია.
264 ## - წარმოების, გამოცემის, დისტრიბუციის და სხვა ცნობები
გამოცემის, წარმოების, დისტრიბუციის... ადგილი თბილისი :
გამოცემის, წარმოების, დისტრიბუციის... სახელწოდება ევროპული უნივერსიტეტი,
გამოცემის, წარმოების, დისტრიბუციის... თარიღი 2008.
300 ## - ფიზიკური აღწერა
Extent 301 გვ.
653 ## - INDEX TERM--UNCONTROLLED
Uncontrolled term ეკონომიკა
653 ## - INDEX TERM--UNCONTROLLED
Uncontrolled term ინოვაციების მენეჯმენტი
653 ## - INDEX TERM--UNCONTROLLED
Uncontrolled term მენეჯმენტი
700 ## - ADDED ENTRY--PERSONAL NAME
Personal name ბარათაშვილი, ევგენი
Relator term ავტორი
9 (RLIN) 734
700 ## - ADDED ENTRY--PERSONAL NAME
Personal name დათაშვილი, ვახტანგ
Relator term ავტორი
9 (RLIN) 13217
700 ## - ADDED ENTRY--PERSONAL NAME
Personal name ნაკაიძე, გურამ
Relator term ავტორი
9 (RLIN) 13218
700 ## - ADDED ENTRY--PERSONAL NAME
Personal name ქუთათელაძე, რუსუდან
Relator term ავტორი
9 (RLIN) 13219
700 ## - ADDED ENTRY--PERSONAL NAME
Personal name გველესიანი, რევაზ
Relator term რედაქტორი
9 (RLIN) 3195
700 ## - ADDED ENTRY--PERSONAL NAME
Personal name მალაშხია, გია
Relator term რედაქტორი
9 (RLIN) 13220
942 ## - ADDED ENTRY ELEMENTS (KOHA)
Koha item type წიგნი
Source of classification or shelving scheme
ეგზემპლარები
ჩამოწერის სტატუსი დაკარგული ეგზემპლარის სტატუსი კლასიფიკაციის წყარო ან თაროზე გაწყობის სქემა დაზიანების სტატუსი არ გაიცემა მუდმივი მდებარეობა (დაცვის ადგილი) ამჟამინდელი ადგილსამყოფელი თაროზე განთავსების ადგილი შეძენის თარიღი ღირებულება, შესყიდვის ნორმალური ფასი სრული შენახვის შიფრი შტრიხკოდი ბოლო ოპერაციის თარიღი ეგზემპლარის მიმდევრობითი ნომერი (კეტერი?) ფასის ძალაში შესვლის თარიღი ეგზემპლარის სახეობა საჯარო შენიშვნა
          ბათუმის შოთა რუსთაველის სახელმწიფო უნივერსიტეტის მთავარი ბიბლიოთეკა ბათუმის შოთა რუსთაველის სახელმწიფო უნივერსიტეტის მთავარი ბიბლიოთეკა წიგნსაცავი 2018-12-17 7.00 005.591.6 ი–61 1809 2018-12-17 1809 2018-12-17 წიგნი 7 ლ.